000
00314nam a22001337a 4500
008
190404e1997 ag ||||| |||| 00| 0 spa d
100
1
_a
Blanco, Antonio
_9
148
245
1
_a
Quimica biologica
250
_a
6a ed.
260
_a
Buenos Aires
_b
El Ateneo
_c
1997
300
_a
250 p.
500
_3
Baja
942
_2
ddc
_c
BK
999
_c
2894
_d
2894